[Event "Bremen-ch op"]
[Site "Bremen"]
[Date "2014.04.16"]
[Round "4"]
[White "Rast, Matthias"]
[Black "Rockmann Buchterkirche, Claas"]
[Result "1-0"]
[WhiteElo "1125"]
[BlackElo "1717"]
[PlyCount "77"]
[EventDate "2014.04.14"]
[EventType "swiss"]
[EventRounds "9"]
[EventCountry "GER"]
[SourceTitle "EXT 2018"]
[Source "ChessBase"]
[SourceDate "2017.10.13"]
[SourceVersion "1"]
[SourceVersionDate "2017.10.13"]
[SourceQuality "1"]

1. c4 e5 2. g3 Nf6 3. Bg2 Bc5 4. Nc3 Ng4 5. e3 f5 6. h3 Nf6 7. Nge2 e4 8. 0-0 Nc6 9. a3 a5 10. Nf4 Ne5 11. Qe2 h5 12. d4 exd3 13. Nxd3 Nxd3 14. Qxd3 d6 15. e4 fxe4 16. Nxe4 0-0 17. Bg5 Bf5 18. Nxf6+ Rxf6 19. Qd5+ Be6 20. Qxb7 Bxc4 21. Bxf6 Qxf6 22. Qxa8+ Kf7 23. Qf3 Bxf1 24. Qxf6+ Kxf6 25. Kxf1 Bd4 26. Rb1 c5 27. Bd5 g5 28. b4 cxb4 29. axb4 axb4 30. Rxb4 Bc5 31. Rc4 Ke5 32. Bf7 Ba3 33. Bxh5 d5 34. Ra4 Bc1 35. Ke2 d4 36. Kd3 Bb2 37. Ra5+ Kf6 38. g4 Bc3 39. Rf5+ 1-0

[Event "Bremen-ch op"]
[Site "Bremen"]
[Date "2014.04.16"]
[Round "5"]
[White "Rockmann Buchterkirche, Claas"]
[Black "Scheibler, Miguel"]
[Result "0-1"]
[WhiteElo "1717"]
[BlackElo "1387"]
[PlyCount "48"]
[EventDate "2014.04.14"]
[EventType "swiss"]
[EventRounds "9"]
[EventCountry "GER"]
[SourceTitle "EXT 2018"]
[Source "ChessBase"]
[SourceDate "2017.10.13"]
[SourceVersion "1"]
[SourceVersionDate "2017.10.13"]
[SourceQuality "1"]

1. e4 e6 2. d4 d5 3. Nc3 Bb4 4. exd5 exd5 5. a3 Bxc3+ 6. bxc3 c5 7. dxc5 Nc6 8. Be3 Nf6 9. f3 0-0 10. Bd3 Re8 11. Qd2 Qe7 12. Kf2 Be6 13. Ne2 Rad8 14. Bd4 Nd7 15. Nf4 Nxc5 16. Nh5 Qh4+ 17. g3 Nxd3+ 18. cxd3 Qxh5 19. Be3 d4 20. Bf4 dxc3 21. Qxc3 Nd4 22. Rae1 Qxf3+ 23. Kg1 Bh3 24. Rxe8+ Rxe8 0-1

[Event "RN-2012-0-00541"]
[Site "LSS email"]
[Date "2012.10.07"]
[Round "?"]
[White "Camps, Jean Pierre"]
[Black "Rockmann Buchterkirche, Claas"]
[Result "0-1"]
[WhiteElo "781"]
[BlackElo "1160"]
[PlyCount "38"]
[EventDate "2012.09.27"]
[EventType "tourn (corr)"]
[EventRounds "6"]
[EventCountry "GER"]
[SourceTitle "Corr 2022"]
[Source "ChessBase"]
[SourceDate "2021.10.24"]
[SourceVersion "1"]
[SourceVersionDate "2021.10.24"]
[SourceQuality "1"]

1. e4 e5 2. Nc3 Nf6 3. f4 d5 4. fxe5 Nxe4 5. Nf3 Nc6 6. d4 Bb4 7. Bd2 Bg4 8. Bb5 Bxf3 9. Qxf3 Qh4+ 10. g3 Nxd2 11. Kxd2 Qxd4+ 12. Kc1 0-0 13. Rd1 Qxe5 14. Nxd5 Nd4 15. Qf4 Qxf4+ 16. Nxf4 Nxb5 17. c3 Bd6 18. Kb1 Bxf4 19. a4 Nxc3+ 0-1

[Event "RF-2012-0-00124"]
[Site "LSS email"]
[Date "2012.07.18"]
[Round "?"]
[White "Rockmann Buchterkirche, Claas"]
[Black "Stadler, Pavel"]
[Result "0-1"]
[WhiteElo "968"]
[BlackElo "1247"]
[PlyCount "54"]
[EventDate "2012.06.16"]
[EventType "tourn (corr)"]
[EventRounds "6"]
[EventCountry "GER"]
[SourceTitle "Telechess CBM 153"]
[Source "ChessBase"]
[SourceDate "2013.03.14"]
[SourceVersion "1"]
[SourceVersionDate "2013.03.14"]
[SourceQuality "1"]

1. e4 c5 2. Nf3 d6 3. c3 Nf6 4. Bc4 e6 5. e5 dxe5 6. Nxe5 Bd6 7. Qe2 Nbd7 8. Nxf7 Kxf7 9. Qxe6+ Kg6 10. Bd3+ Kh6 11. Qh3+ Nh5 12. Be2 Ndf6 13. d4+ g5 14. g4 Kg7 15. Bxg5 cxd4 16. Bxf6+ Nxf6 17. Qd3 dxc3 18. Nxc3 Bf4 19. Qc4 Qc7 20. Nd5 Nxd5 21. Qxd5 Re8 22. h3 Be6 23. Qd4+ Be5 24. Qe4 Bxb2 25. Rb1 Bc3+ 26. Kf1 b6 27. Bd3 Bg8 0-1

[Event "RF-2012-0-00123"]
[Site "LSS email"]
[Date "2012.07.12"]
[Round "?"]
[White "Rockmann Buchterkirche, Claas"]
[Black "Ausan, Leo Tito Jr"]
[Result "0-1"]
[WhiteElo "968"]
[BlackElo "1198"]
[PlyCount "52"]
[EventDate "2012.06.06"]
[EventType "tourn (corr)"]
[EventRounds "6"]
[EventCountry "GER"]
[SourceTitle "Telechess CBM 153"]
[Source "ChessBase"]
[SourceDate "2013.03.14"]
[SourceVersion "1"]
[SourceVersionDate "2013.03.14"]
[SourceQuality "1"]

1. e4 c6 2. d4 g6 3. Nf3 d6 4. c4 Bg7 5. Nc3 Nf6 6. Bd3 Bg4 7. 0-0 Nbd7 8. h3 Bxf3 9. Qxf3 0-0 10. Re1 e5 11. Be3 Re8 12. b4 Nf8 13. d5 cxd5 14. exd5 e4 15. Nxe4 Nxe4 16. Rac1 Nf6 17. Bg5 Rxe1+ 18. Rxe1 h6 19. Bf4 Nh5 20. Bd2 Nd7 21. g4 Nhf6 22. g5 Ne5 23. Qe2 hxg5 24. Bxg5 Qd7 25. c5 Qxh3 26. f4 Nf3+ 0-1

[Event "RF-2012-0-00122"]
[Site "LSS email"]
[Date "2012.07.07"]
[Round "?"]
[White "Jas, Marcin"]
[Black "Rockmann Buchterkirche, Claas"]
[Result "0-1"]
[WhiteElo "1099"]
[BlackElo "968"]
[PlyCount "42"]
[EventDate "2012.05.25"]
[EventType "tourn (corr)"]
[EventRounds "6"]
[EventCountry "GER"]
[SourceTitle "Telechess CBM 153"]
[Source "ChessBase"]
[SourceDate "2013.03.14"]
[SourceVersion "1"]
[SourceVersionDate "2013.03.14"]
[SourceQuality "1"]

1. e4 e5 2. f4 exf4 3. Bc4 Qh4+ 4. Kf1 Bc5 5. d4 Bb6 6. Nf3 Qf6 7. e5 Qc6 8. Qd3 Ne7 9. Ng5 Nd5 10. Bxd5 Qxd5 11. Nf3 Nc6 12. c3 d6 13. Bxf4 Bd7 14. Nbd2 0-0-0 15. Qc4 Be6 16. Qxd5 Bxd5 17. exd6 cxd6 18. b3 Rhe8 19. c4 Be6 20. d5 Bf5 21. dxc6 Bd3# 0-1

[Event "RF-2012-0-00121"]
[Site "LSS email"]
[Date "2012.07.01"]
[Round "?"]
[White "Rockmann Buchterkirche, Claas"]
[Black "Fridich, Vaclav Sr"]
[Result "0-1"]
[WhiteElo "998"]
[BlackElo "1008"]
[PlyCount "56"]
[EventDate "2012.05.17"]
[EventType "tourn (corr)"]
[EventRounds "6"]
[EventCountry "GER"]
[SourceTitle "Telechess CBM 165"]
[Source "ChessBase"]
[SourceDate "2015.03.11"]
[SourceVersion "1"]
[SourceVersionDate "2015.03.11"]
[SourceQuality "1"]

1. e4 d5 2. exd5 Nf6 3. Bb5+ Bd7 4. Bc4 b5 5. Bb3 Bg4 6. f3 Bc8 7. c4 bxc4 8. Bxc4 Nxd5 9. Nc3 e6 10. Nge2 Qh4+ 11. Ng3 Qxc4 12. Qa4+ Qxa4 13. Nxa4 Ba6 14. Ne4 Nb4 15. Kf2 Bd3 16. a3 Nc2 17. Ra2 Bc4 18. b3 Bxb3 19. Rxc2 Bxc2 20. Nac5 Bxe4 21. Nxe4 Nd7 22. Bb2 Rb8 23. Bd4 c5 24. Be3 Be7 25. Rc1 Rc8 26. Ke2 0-0 27. Kd3 c4+ 28. Rxc4 Ne5+ 0-1

[Event "RF-2012-0-00121"]
[Site "LSS email"]
[Date "2012.07.01"]
[Round "?"]
[White "Rockmann Buchterkirche, Claas"]
[Black "Lauer, Fredric"]
[Result "1-0"]
[WhiteElo "998"]
[BlackElo "1005"]
[PlyCount "83"]
[EventDate "2012.05.17"]
[EventType "tourn (corr)"]
[EventRounds "6"]
[EventCountry "GER"]
[SourceTitle "Telechess CBM 165"]
[Source "ChessBase"]
[SourceDate "2015.03.11"]
[SourceVersion "1"]
[SourceVersionDate "2015.03.11"]
[SourceQuality "1"]

1. e4 c5 2. Nf3 Nf6 3. e5 Nd5 4. c4 Nc7 5. Nc3 Nc6 6. a3 g6 7. d3 Bg7 8. Bf4 Ne6 9. Bg3 0-0 10. Be2 Ncd4 11. Nxd4 Nxd4 12. 0-0 b6 13. Bf3 Nxf3+ 14. Qxf3 Rb8 15. e6 Bb7 16. exf7+ Rxf7 17. Qe3 Rc8 18. Be5 Bxe5 19. Qxe5 Qc7 20. Qxc7 Rxc7 21. Nb5 Rc6 22. Nxa7 Rd6 23. Rad1 Rf4 24. Nb5 Re6 25. Rfe1 Rxe1+ 26. Rxe1 e6 27. Nd6 Bc6 28. f3 Rf8 29. Ne4 Rb8 30. b3 Kg7 31. a4 Rb7 32. Kf2 h6 33. Ke3 d5 34. Nf2 h5 35. h4 d4+ 36. Kf4 Kf6 37. Nh3 Re7 38. Re5 Be8 39. Ng5 Bc6 40. a5 bxa5 41. Rxc5 Bb7 42. Rxa5 1-0

[Event "RF-2012-0-00121"]
[Site "LSS email"]
[Date "2012.06.30"]
[Round "?"]
[White "Shim Ng Min, Francis"]
[Black "Rockmann Buchterkirche, Claas"]
[Result "1-0"]
[WhiteElo "1159"]
[BlackElo "998"]
[PlyCount "47"]
[EventDate "2012.05.17"]
[EventType "tourn (corr)"]
[EventRounds "6"]
[EventCountry "GER"]
[SourceTitle "Telechess CBM 165"]
[Source "ChessBase"]
[SourceDate "2015.03.11"]
[SourceVersion "1"]
[SourceVersionDate "2015.03.11"]
[SourceQuality "1"]

1. e4 e5 2. Nf3 Nc6 3. d4 exd4 4. Bc4 Nf6 5. 0-0 Bc5 6. e5 Ng4 7. Bf4 d5 8. exd6 cxd6 9. Re1+ Nge5 10. Nxe5 dxe5 11. Bxe5 Nxe5 12. Rxe5+ Be7 13. Qe2 a6 14. Nd2 b5 15. Qf3 0-0 16. Qxa8 bxc4 17. Nxc4 Bf6 18. Ree1 Qc7 19. b3 Bb7 20. Qa7 Ra8 21. Qb6 Qc6 22. Qxc6 Bxc6 23. Rad1 Bd7 24. Nb6 1-0

[Event "RF-2012-0-00121"]
[Site "LSS email"]
[Date "2012.06.29"]
[Round "?"]
[White "Feng, Jason"]
[Black "Rockmann Buchterkirche, Claas"]
[Result "1-0"]
[WhiteElo "862"]
[BlackElo "998"]
[PlyCount "41"]
[EventDate "2012.05.17"]
[EventType "tourn (corr)"]
[EventRounds "6"]
[EventCountry "GER"]
[SourceTitle "Telechess CBM 165"]
[Source "ChessBase"]
[SourceDate "2015.03.11"]
[SourceVersion "1"]
[SourceVersionDate "2015.03.11"]
[SourceQuality "1"]

1. e4 e5 2. Nf3 Nc6 3. Bc4 Nf6 4. Ng5 d5 5. exd5 Nxd5 6. Nxf7 Kxf7 7. Qf3+ Ke6 8. Nc3 Nce7 9. d4 c6 10. Bg5 h6 11. Bxe7 Bxe7 12. 0-0 Rf8 13. Qe4 Rf4 14. Qg6+ Bf6 15. Rae1 Rf5 16. dxe5 Rxe5 17. Rxe5+ Kxe5 18. Re1+ Kd4 19. Qe4+ Kc5 20. b4+ Kxb4 21. Nxd5+ 1-0

[Event "OP-2012-0-02261"]
[Site "LSS email"]
[Date "2012.06.24"]
[Round "?"]
[White "Rockmann Buchterkirche, Claas"]
[Black "Huseby, Juan Carlos"]
[Result "1-0"]
[WhiteElo "968"]
[BlackElo "598"]
[PlyCount "71"]
[EventDate "2012.06.20"]
[EventType "tourn (corr)"]
[EventRounds "4"]
[EventCountry "GER"]
[SourceTitle "Telechess CBM 153"]
[Source "ChessBase"]
[SourceDate "2013.03.14"]
[SourceVersion "1"]
[SourceVersionDate "2013.03.14"]
[SourceQuality "1"]

1. e4 e5 2. Nf3 Bc5 3. Nxe5 Bxf2+ 4. Kxf2 Qh4+ 5. g3 Qxe4 6. Nf3 Ne7 7. Nc3 Qg4 8. d4 d5 9. Bf4 0-0 10. Bxc7 Nd7 11. Bd6 Nf6 12. Bxe7 Ne4+ 13. Nxe4 Qxe4 14. Bxf8 Kxf8 15. Bg2 Bf5 16. Nh4 Qxc2+ 17. Qxc2 Bxc2 18. Bxd5 Rd8 19. Bxb7 Rxd4 20. Rhe1 Rd2+ 21. Re2 Rd7 22. Rxc2 Rxb7 23. Re1 g5 24. Nf5 f6 25. Re6 Kf7 26. Re7+ Rxe7 27. Nxe7 Kxe7 28. Rc7+ Kf8 29. Rxh7 a5 30. Kf3 a4 31. Ke4 Kg8 32. Ra7 a3 33. bxa3 Kf8 34. Kd5 f5 35. Ke6 f4 36. gxf4 1-0

[Event "OP-2012-0-02261"]
[Site "LSS email"]
[Date "2012.06.23"]
[Round "?"]
[White "Rockmann Buchterkirche, Claas"]
[Black "Vontina, Maria"]
[Result "1-0"]
[WhiteElo "968"]
[BlackElo "810"]
[PlyCount "89"]
[EventDate "2012.06.20"]
[EventType "tourn (corr)"]
[EventRounds "4"]
[EventCountry "GER"]
[SourceTitle "Telechess CBM 153"]
[Source "ChessBase"]
[SourceDate "2013.03.14"]
[SourceVersion "1"]
[SourceVersionDate "2013.03.14"]
[SourceQuality "1"]

1. e4 e6 2. d4 d5 3. exd5 exd5 4. Nf3 Nf6 5. Bg5 Be7 6. Bd3 0-0 7. 0-0 c6 8. Ne5 Nbd7 9. Nxd7 Bxd7 10. Nd2 Re8 11. Nf3 h6 12. Bh4 Bg4 13. h3 Bd7 14. Ne5 Be6 15. Qf3 a6 16. c3 Rc8 17. Bc2 c5 18. Qd3 cxd4 19. Bxf6 Bxf6 20. cxd4 g6 21. Rac1 Kg7 22. Nxg6 fxg6 23. Qxg6+ Kf8 24. Qxh6+ Bg7 25. Qf4+ Bf7 26. Bg6 Qd7 27. Rc5 Rxc5 28. dxc5 Kg8 29. Bf5 Qc6 30. b4 Qf6 31. Qg4 Be6 32. Re1 Bf7 33. Rxe8+ Bxe8 34. Be6+ Bf7 35. Bxf7+ Qxf7 36. Qc8+ Kh7 37. c6 bxc6 38. Qxc6 d4 39. Qxa6 Qd7 40. Qd3+ Kg8 41. b5 Qd5 42. a4 Qa2 43. b6 Qxa4 44. b7 Qa7 45. Qb3+ 1-0

[Event "LSS No Engine Cup 64 Preliminary 5"]
[Site "LSS email"]
[Date "2012.04.21"]
[Round "?"]
[White "Arango Marin, Sixto Gregorio"]
[Black "Rockmann Buchterkirche, Claas"]
[Result "0-1"]
[WhiteElo "797"]
[BlackElo "1047"]
[PlyCount "40"]
[EventDate "2012.04.22"]
[EventType "tourn (corr)"]
[EventRounds "6"]
[EventCountry "GER"]
[SourceTitle "Telechess CBM 153"]
[Source "ChessBase"]
[SourceDate "2013.03.14"]
[SourceVersion "1"]
[SourceVersionDate "2013.03.14"]
[SourceQuality "1"]

1. d4 d5 2. Nf3 Nf6 3. Ne5 Nc6 4. Nxc6 bxc6 5. Bf4 Ba6 6. e3 Bxf1 7. Rxf1 e6 8. Nc3 Rb8 9. Na4 Ne4 10. b3 Bb4+ 11. Ke2 Rb6 12. Nxb6 Nc3+ 13. Ke1 Nxd1+ 14. Kxd1 cxb6 15. a3 Bc3 16. Rb1 a5 17. Ke2 b5 18. Kd3 b4 19. a4 Qc8 20. Bd6 Qa6# 0-1

[Event "LSS No Engine Cup 64 Preliminary 5"]
[Site "LSS email"]
[Date "2012.04.21"]
[Round "?"]
[White "Rockmann Buchterkirche, Claas"]
[Black "Fridich, Vaclav Sr"]
[Result "0-1"]
[WhiteElo "1047"]
[BlackElo "1012"]
[PlyCount "22"]
[EventDate "2012.04.22"]
[EventType "tourn (corr)"]
[EventRounds "6"]
[EventCountry "GER"]
[SourceTitle "Corr 2015"]
[Source "ChessBase"]
[SourceDate "2015.07.17"]
[SourceVersion "1"]
[SourceVersionDate "2015.07.17"]
[SourceQuality "1"]

1. e4 d5 2. exd5 Nf6 3. c4 c6 4. dxc6 Nxc6 5. Nf3 e5 6. d3 e4 7. Qe2 Bb4+ 8. Bd2 0-0 9. dxe4 Re8 10. Qd1 Nxe4 11. Bxb4 Nc3+ 0-1

[Event "LSS No Engine Cup 64 Preliminary 5"]
[Site "LSS email"]
[Date "2012.04.21"]
[Round "?"]
[White "Zwaneveld, Ansel"]
[Black "Rockmann Buchterkirche, Claas"]
[Result "1-0"]
[WhiteElo "1096"]
[BlackElo "1047"]
[PlyCount "59"]
[EventDate "2012.04.22"]
[EventType "tourn (corr)"]
[EventRounds "6"]
[EventCountry "GER"]
[SourceTitle "Telechess CBM 155"]
[Source "ChessBase"]
[SourceDate "2013.07.16"]
[SourceVersion "1"]
[SourceVersionDate "2013.07.16"]
[SourceQuality "1"]

1. d4 d5 2. Nf3 Nf6 3. e3 Bf5 4. b3 e6 5. Bb2 Nc6 6. a3 Ne4 7. Nbd2 Bd6 8. Nxe4 Bxe4 9. Bb5 a6 10. Be2 b5 11. c4 bxc4 12. bxc4 Na5 13. c5 Be7 14. Qa4+ c6 15. Bc3 Nc4 16. Qxc6+ Kf8 17. Bxc4 Bxf3 18. gxf3 dxc4 19. Ke2 Qd5 20. Qxd5 exd5 21. Rhb1 g6 22. Rb7 Bh4 23. Rab1 Kg7 24. Ba5 Kf6 25. Rd7 Ke6 26. Rbb7 Rab8 27. Rd6+ Kf5 28. Rxf7+ Kg5 29. Rb6 Kh6 30. Rfb7 1-0

[Event "LSS No Engine Cup 52 Preliminary 3"]
[Site "LSS email"]
[Date "2011.10.18"]
[Round "?"]
[White "Castrejon, Luis Carlos"]
[Black "Rockmann Buchterkirche, Claas"]
[Result "1-0"]
[WhiteElo "1572"]
[BlackElo "1027"]
[PlyCount "35"]
[EventDate "2011.10.19"]
[EventType "tourn (corr)"]
[EventRounds "6"]
[EventCountry "GER"]
[SourceTitle "Telechess CBM 157"]
[Source "ChessBase"]
[SourceDate "2013.11.12"]
[SourceVersion "1"]
[SourceVersionDate "2013.11.12"]
[SourceQuality "1"]

1. e4 e5 2. Nf3 Nc6 3. Bb5 a6 4. Bxc6 bxc6 5. d4 exd4 6. Qxd4 d6 7. Nc3 Qf6 8. Bg5 Qxd4 9. Nxd4 c5 10. Nde2 g6 11. 0-0-0 c6 12. Rhe1 Bb7 13. Na4 f6 14. Be3 Bh6 15. Bxh6 Nxh6 16. Rxd6 Rd8 17. Rxd8+ Kxd8 18. Nxc5 1-0

[Event "SN-2011-0-00387"]
[Site "LSS email"]
[Date "2011.10.13"]
[Round "?"]
[White "De Booy, Marco"]
[Black "Rockmann Buchterkirche, Claas"]
[Result "1-0"]
[WhiteElo "1064"]
[BlackElo "1023"]
[PlyCount "69"]
[EventDate "2011.09.26"]
[EventType "tourn (corr)"]
[EventRounds "6"]
[EventCountry "GER"]
[SourceTitle "Telechess CBM 153"]
[Source "ChessBase"]
[SourceDate "2013.03.14"]
[SourceVersion "1"]
[SourceVersionDate "2013.03.14"]
[SourceQuality "1"]

1. e4 e5 2. Nf3 Nc6 3. Bb5 a6 4. Ba4 b5 5. Bb3 Na5 6. Bd5 c6 7. Bxf7+ Kxf7 8. Nxe5+ Ke6 9. d4 Nf6 10. Qf3 d6 11. Nd3 Kd7 12. e5 dxe5 13. dxe5 Nd5 14. 0-0 Kc7 15. b3 Be7 16. Bd2 Kb8 17. a4 Nb7 18. axb5 axb5 19. Nc3 Rxa1 20. Rxa1 Rf8 21. Qg3 g6 22. Nxd5 Qxd5 23. Qe3 Nc5 24. Bb4 Qe4 25. Bxc5 Qxe3 26. Bxe3 Bf5 27. Bc5 Bxc5 28. Nxc5 Re8 29. f4 Bxc2 30. b4 Bf5 31. Ra6 Rc8 32. h3 h5 33. Kf2 Kc7 34. Ra7+ Kb6 35. Rb7# 1-0

[Event "SN-2011-0-00387"]
[Site "LSS email"]
[Date "2011.10.13"]
[Round "?"]
[White "Secondi, Alberto"]
[Black "Rockmann Buchterkirche, Claas"]
[Result "0-1"]
[WhiteElo "611"]
[BlackElo "1023"]
[PlyCount "64"]
[EventDate "2011.09.26"]
[EventType "tourn (corr)"]
[EventRounds "6"]
[EventCountry "GER"]
[SourceTitle "Telechess CBM 153"]
[Source "ChessBase"]
[SourceDate "2013.03.14"]
[SourceVersion "1"]
[SourceVersionDate "2013.03.14"]
[SourceQuality "1"]

1. d4 d5 2. c4 c6 3. Nc3 Nf6 4. Nf3 e6 5. Bg5 h6 6. Bxf6 Qxf6 7. e3 Nd7 8. Be2 Bd6 9. c5 Bc7 10. 0-0 Qg6 11. Qd3 Qxd3 12. Bxd3 e5 13. Rfe1 e4 14. Bxe4 dxe4 15. Nxe4 0-0 16. b4 b6 17. a4 Re8 18. Nd6 Bxd6 19. cxd6 Re6 20. e4 Rxd6 21. e5 Re6 22. b5 Bb7 23. Rec1 c5 24. dxc5 Nxc5 25. Ra3 Bxf3 26. gxf3 Rxe5 27. Kg2 Rg5+ 28. Kh3 Rd8 29. Re3 Rd4 30. Re8+ Kh7 31. Re7 Nd3 32. Rf1 Nf4+ 0-1

[Event "OP-2011-0-01803"]
[Site "LSS email"]
[Date "2011.10.04"]
[Round "?"]
[White "Popov, Misha"]
[Black "Rockmann Buchterkirche, Claas"]
[Result "0-1"]
[WhiteElo "1005"]
[BlackElo "945"]
[PlyCount "42"]
[EventDate "2011.10.01"]
[EventType "tourn (corr)"]
[EventRounds "4"]
[EventCountry "GER"]
[SourceTitle "Telechess CBM 157"]
[Source "ChessBase"]
[SourceDate "2013.11.12"]
[SourceVersion "1"]
[SourceVersionDate "2013.11.12"]
[SourceQuality "1"]

1. Nf3 Nf6 2. d4 d5 3. c4 e6 4. e3 Be7 5. Nc3 c6 6. a3 0-0 7. Bd3 Nbd7 8. b4 dxc4 9. Bxc4 b5 10. Bb3 a5 11. bxa5 Qxa5 12. Bd2 b4 13. Na2 Qxa3 14. 0-0 c5 15. Bc1 Qa7 16. Bb2 Ba6 17. Re1 c4 18. Ba4 c3 19. Bc1 Bc4 20. Bb3 Bxb3 21. Qxb3 Qa4 0-1

[Event "OP-2011-0-01803"]
[Site "LSS email"]
[Date "2011.10.04"]
[Round "?"]
[White "Rockmann Buchterkirche, Claas"]
[Black "Venturas, Bob"]
[Result "1-0"]
[WhiteElo "945"]
[BlackElo "758"]
[PlyCount "29"]
[EventDate "2011.10.01"]
[EventType "tourn (corr)"]
[EventRounds "4"]
[EventCountry "GER"]
[SourceTitle "Corr 2015"]
[Source "ChessBase"]
[SourceDate "2015.07.17"]
[SourceVersion "1"]
[SourceVersionDate "2015.07.17"]
[SourceQuality "1"]

1. e4 e5 2. Nc3 Bc5 3. f4 exf4 4. Nf3 Nc6 5. d4 Bb6 6. Bxf4 d6 7. Bb5 Bd7 8. Qd2 Qf6 9. 0-0-0 0-0-0 10. Bg5 Qg6 11. Bxd8 Nxd8 12. Bxd7+ Kxd7 13. Ne5+ dxe5 14. dxe5+ Kc6 15. Qd5# 1-0

[Event "SN-2011-0-00363"]
[Site "LSS email"]
[Date "2011.07.20"]
[Round "?"]
[White "Rockmann Buchterkirche, Claas"]
[Black "Dawkins, Arthur William"]
[Result "1/2-1/2"]
[WhiteElo "961"]
[BlackElo "907"]
[PlyCount "91"]
[EventDate "2011.07.05"]
[EventType "tourn (corr)"]
[EventRounds "6"]
[EventCountry "GER"]
[SourceTitle "Telechess CBM 149"]
[Source "ChessBase"]
[SourceDate "2012.07.17"]
[SourceVersion "1"]
[SourceVersionDate "2012.07.17"]
[SourceQuality "1"]

1. d4 d5 2. c4 c6 3. cxd5 cxd5 4. Nc3 a6 5. Nf3 Nf6 6. Bg5 Nbd7 7. Ne5 e6 8. e3 Be7 9. Bxf6 Nxf6 10. g3 0-0 11. Bg2 Rb8 12. 0-0 Bd7 13. Rc1 b5 14. Nxd7 Qxd7 15. Ne2 Rbc8 16. Qd2 Rc6 17. Rxc6 Qxc6 18. Rc1 Qb7 19. Qc2 Re8 20. Qc6 Qxc6 21. Rxc6 a5 22. Nc3 b4 23. Na4 g6 24. Bf1 Ne4 25. Nc5 Nxc5 26. dxc5 Kg7 27. Bb5 Rb8 28. Rb6 Rxb6 29. cxb6 Bd6 30. b7 Kf8 31. Bd7 Ke7 32. Bc8 Kd8 33. Kf1 Bb8 34. Ke2 Kc7 35. Kd3 e5 36. f4 f6 37. h4 h6 38. g4 Kd6 39. f5 g5 40. h5 Kc5 41. b3 e4+ 42. Kd2 d4 43. Be6 d3 44. Bc8 Kb6 45. Kd1 Kc7 46. Kd2 1/2-1/2